000 00322nam a22001457a 4500
003 SGT
020 _a938426614-0
082 _a615
_bALI
100 _aALI, DR. JAVED
245 _aPHARMACEUTICS -I PRACTICAL MANUAL
260 _aINDIA
_bBIRLA PUB.
_c2024
300 _a153
650 _aPHARMACEUTICS
942 _2ddc
_cBK
999 _c32962
_d32962